[Event "Hallstahammar op"]
[Site "Hallstahammar"]
[Date "2003.09.14"]
[Round "7"]
[White "Wester, Fredrik"]
[Black "Karrlander, Gunnar"]
[Result "0-1"]
[WhiteElo "1546"]
[BlackElo "1885"]
[PlyCount "44"]
[EventDate "2003.09.12"]
[EventType "swiss"]
[EventRounds "7"]
[EventCountry "SWE"]
[SourceTitle "CBM 096 Extra"]
[Source "ChessBase"]
[SourceDate "2003.10.22"]
[SourceVersion "2"]
[SourceVersionDate "2003.10.20"]
[SourceQuality "1"]

1. e4 e6 2. d4 d5 3. Nc3 Bb4 4. e5 c5 5. a3 Bxc3+ 6. bxc3 Ne7 7. Qg4 Nbc6 8. Bb5 Qc7 9. Ne2 Bd7 10. 0-0 0-0-0 11. f4 Nf5 12. Rd1 Nxe5 13. fxe5 Bxb5 14. a4 Bc4 15. Qf3 h5 16. Bg5 Rdf8 17. Kf2 f6 18. exf6 gxf6 19. Nf4 Qf7 20. Nxe6 Qxe6 21. Re1 Qd7 22. Bf4 cxd4 0-1

[Event "Hallstahammar op"]
[Site "Hallstahammar"]
[Date "2003.09.12"]
[Round "1"]
[White "Miezis, Normunds"]
[Black "Karrlander, Gunnar"]
[Result "1-0"]
[WhiteElo "2558"]
[BlackElo "1885"]
[PlyCount "57"]
[EventDate "2003.09.12"]
[EventType "swiss"]
[EventRounds "7"]
[EventCountry "SWE"]
[SourceTitle "CBM 096 Extra"]
[Source "ChessBase"]
[SourceDate "2003.10.22"]
[SourceVersion "2"]
[SourceVersionDate "2003.10.20"]
[SourceQuality "1"]

1. c4 e5 2. Nc3 Nf6 3. g3 Bb4 4. Bg2 0-0 5. e4 Nc6 6. Nge2 Re8 7. 0-0 a6 8. d3 h6 9. Kh1 Bc5 10. h3 d6 11. f4 Nh5 12. f5 Nd4 13. Kh2 Nf6 14. Nxd4 Bxd4 15. Ne2 Ba7 16. g4 Nh7 17. Ng3 c6 18. Nh5 f6 19. Bd2 b5 20. h4 Bb7 21. Qb3 Kf8 22. g5 hxg5 23. hxg5 fxg5 24. cxb5 axb5 25. f6 gxf6 26. Nxf6 Kg7 27. Nxh7 Kxh7 28. Qf7+ Kh8 29. Kg3 1-0